000 00799nam a2200253Ia 4500
003 GCL
008 140319s9999 xx 000 0 ara d
040 _aGCL /
_cGCL
082 0 4 _a355.03
_bغ ا
100 1 _aغازى اسماعيل ربابعة
245 1 0 _aالاستراتيجية الاسرائيلية 1980-1948 /
_cغازى اسماعيل ربابعة
260 _a[S.N] :
_bمكتبة المنار ،
_c1983
300 _a674 ص
490 _a
650 0 4 _aالعصر الحديث
650 0 4 _aتاريخ
650 0 4 _aالاحوال السياسية
650 0 4 _aالنزاع العربى الاسرائيلى
650 0 4 _aاسرائيل
650 0 4 _aالجيش
650 0 4 _aالاستراتيجية
650 0 4 _aالسياسة العسكرية
942 _2ddc
_cBK
999 _c27989
_d27989